Top selling Car Brands by nation - Statistics

General Stats
  • This quiz has been taken 4,048 times
    4,047 since last reset
  • The average score is 74 of 102
Answers on the Map
Answers color-coded by a green-red scale on the quiz's map according to % correct below.
 
Answer Stats
border, country, ad % Correct
border, country, ca | border, country, dk | border, country, mx | border, country, us Ford
94%
border, country, ae | border, country, ao | border, country, au | +38 others Toyota
93%
border, country, de | border, country, ie | border, country, li | +2 others Volkswagen
84%
border, country, be BMW
81%
border, country, id | border, country, jp | border, country, lk Honda
77%
border, country, sg Mercedes
76%
border, country, ar | border, country, br | border, country, it | +2 others Fiat
73%
border, country, es | border, country, il | border, country, sy | border, country, tn Hyundai
72%
border, country, fr Peugeot
65%
border, country, bh | border, country, cn | border, country, gb | border, country, ke Nissan
63%
border, country, se Volvo
63%
border, country, iq | border, country, kr | border, country, ua KIA
60%
border, country, ba Renault
58%
border, country, ec | border, country, eg | border, country, kz | border, country, uy Chevrolet
57%
border, country, cz | border, country, hr | border, country, rs | border, country, sk Skoda
55%
border, country, az | border, country, by | border, country, ru | border, country, tm Lada
50%
border, country, ch | border, country, no Tesla
49%
border, country, nz Mitsubishi
40%
border, country, co | border, country, hu | border, country, in | border, country, pk Suzuki
39%
border, country, at | border, country, dz | border, country, is | +3 others Dacia
36%
border, country, th Isuzu
8%
border, country, my Perodua
2%
border, country, ir Saipa
1%
No matching quizzes found
Score Distribution
Percent of People with Each Score
Percentile by Number Answered
Your Score History
You have not taken this quiz since the last reset